000 00594nam a2200241Ia 4500
003 0100
008 130307s9999 xx 000 0 und d
020 _a0802845010
040 _cARRUPELIB
050 _aBS2625.2.W58 1998
100 _aWitherington, Ben
245 4 _aThe acts of the Apostles
245 _ba socio-rhetorical commentary
260 _aCambridge
260 _bWilliam B. Eerdmans publishing
260 _c1998
300 _a874p.
300 _b23cm
650 _aBIBLE
650 _bChristian ethics--Dictionaries
650 _cEthics--Dictionaries
942 0 0 _02
999 _c97062
_d97062